|
|
|
|
| LEADER |
00784nam a22002531a 4500 |
| 001 |
7707 |
| 003 |
BD-DhAAL |
| 008 |
151208s1983 en 00 eng d |
| 015 |
|
|
|a b8238697
|
| 020 |
|
|
|a 0571130194
|
| 040 |
|
|
|a UKM
|c EQF
|d BD-DhAAL
|
| 050 |
|
|
|a PG5039.21.U6
|
| 082 |
|
|
|a 891.8/635
|
| 090 |
|
|
|a PG5039.21.U6Z413
|
| 100 |
1 |
|
|a Kundera, Milan.
|9 5990
|
| 245 |
0 |
4 |
|a The joke
|c Milan Kundera.
|
| 260 |
|
|
|a London
|a India
|b Faber
|b Rupa
|c 1994.
|
| 300 |
|
|
|a 316 p. ;
|c 20 cm.
|
| 500 |
|
|
|a Translation of: Zert.
|
| 541 |
|
|
|e 7707
|
| 650 |
|
|
|a Irony
|v Fiction.
|9 16522
|
| 942 |
|
|
|2 ddc
|c BK
|
| 999 |
|
|
|c 36363
|d 36363
|
| 952 |
|
|
|0 0
|1 0
|2 ddc
|4 0
|6 891_800000000000000_635_KUN
|7 0
|9 57186
|a SCL
|b SCL
|c GEN
|d 2015-12-08
|e Gift:
|l 8
|m 31
|o 891.8635 KUN
|p 3020007707
|r 2018-11-18
|s 2018-10-29
|t 1
|w 2015-12-08
|y BK
|